000 00295nam a22001217a 4500
999 _c67570
_d67567
082 _a050MAH
100 _aMahar Naeemullah
245 _aNaeem's All Rounder Jobs Preparation Book
260 _aGhotki
_bTeam Naeem's Virtual Academy
300 _a447p.
650 _aMCQs - General
942 _cBK